| 000 | 00591nam a2200169Ia 4500 | ||
|---|---|---|---|
| 999 |
_c4255 _d4255 |
||
| 005 | 20210104182639.0 | ||
| 008 | 201216s9999||||xx |||||||||||||| ||und|| | ||
| 040 |
_aDAH _cDAH |
||
| 041 | _aspa | ||
| 084 | _aDAH 0243 | ||
| 100 | 1 |
_aPinto Rodríguez, Jorge _94346 |
|
| 245 | 0 | 4 |
_aLas minas de azogue de Punitaqui : _bestudio de una faena minera de fines del siglo XVIII / _cJorge Pinto Rodríguez |
| 260 |
_aCoquimbo : _bTalls. Gráfs. Universidad del Norte, _c1981 |
||
| 650 | 0 | 4 |
_aIndustria y comercio del mercurio _xHistoria _yÉpoca colonial _zChile _95755 |
| 910 | _agsm | ||
| 942 |
_cLIB _2ddc |
||